000
00320nam a2200133Ia 4500
008
240624s9999 xx 000 0 und d
041
_a
eng
082
_a
823 SIN
100
_a
SINHA TUHIN A
245
_a
EDGE OF DESIRE
260
_c
2012
_a
New Delhi
_b
Hachette India
300
_a
317 : p. : cm. ; 18
365
_c
RS
_b
25
999
_c
19885
_d
19885